| 000 | 00726pam a2200169 a 4500 | ||
|---|---|---|---|
| 082 | 0 | 0 |
_a388.068 _bNAT _cD |
| 110 |
_aNational Research Council (U.S). _920017 |
||
| 245 | 0 | 0 | _aTransportation management, finance, and pricing issues. |
| 260 |
_aWashington, D.C. : _bTransportation Research Board, National Research Council, National Academy of Sciences, _c1983. |
||
| 300 |
_aiv, 78 p. : _bill. ; _c28 cm. |
||
| 526 |
_a0 _b0 _c0 _d388_068000000000000_NAT |
||
| 650 | 0 |
_aD _zUnited States _xCongresses. _938520 |
|
| 650 | 0 |
_aTransportation and state _zUnited States _xCongresses. _938309 |
|
| 650 | 0 |
_aTransportation _zUnited States _xFinance _xCongresses. _938521 |
|
| 710 | 2 |
_aNational Research Council (U.S.). _920017 |
|
| 942 |
_2ddc _cBK |
||
| 999 |
_c543141 _d543141 |
||